Naj.... Kontynentu Azjatyckiego - Statystyki

Ogólne statystyki
  • Ten quiz został rozwiązany 586 razy
  • Średni wynik to 9 z 16
Statystyki odpowiedzi
Naj.... Nazwa Rekord % Poprawnych
Najwyższy Szczyt Azji Mount Everest 8848 m n.p.m
86%
Najludniejsze Państwo Azji Chiny 1,32 mld (2007)
84%
Największe Państwo Azji Rosja 17 075 253 km2
83%
Najgłębsze Jezioro Azji Bajkał 1637 m p.p.m
77%
Największy Półwysep Azji Półwysep Arabski 2789 tys. km2
76%
Największe Jezioro Azji Morze Kaspijskie 374 tys. km2
71%
Najludniejsze miasto Azji Tokio ok. 38 mln (2005)
65%
Najdłuższa Rzeka Azji Jangcy 6300 km
60%
Państwo azjatyckie o najmniejszej gęstości zaludnienia Mongolia 1,9 osób/km2
53%
Największa Wyspa Azji Borneo 746 tys. km2
52%
Największa Wyżyna Azji Wyżyna Tybetańska ok. 5500 m n.p.m
50%
Państwo azjatyckie o największej gęstości zaludnienia Singapur 6751 osób/km2
46%
Największa Depresja Azji Wybrzeże Morza Martwego -422 m p.p.m
39%
Największy Archipelag Azji Archipelag Malajski ok. 20 tys. wysp
35%
Najniższa zanotowana temperatura w Azji (miasto/wieś) Tomtor −72,2 °C
3%
Najwyższa zanotowana temperatura w Azji (miasto/wieś) Tirat Cewi 53,9 °C
2%
Nie znaleziono quizów pasujących do podanych kryteriów
Rozkład punktacji
Procent ludzi z każdym wynikiem
Percentyl według liczby udzielonych odpowiedzi
Twoja historia wyników
Nie rozwiązałeś tego quizu